| 000 | 00489nam a2200169 4500 | ||
|---|---|---|---|
| 001 | 42379 | ||
| 090 | _a42379 | ||
| 100 | _a20231124 pory50 | ||
| 101 | _afra | ||
| 102 | _aPT | ||
| 200 |
_aGrammaire expliquée du Français _eniveau intermédiaire _fSylvie Poisson-Quiton ... [et al.] |
||
| 210 |
_aPorto _cPorto editora _d2005 |
||
| 215 | _a430 p. | ||
| 314 | _aSylvie Poisson-Quiton , Reine Mimran , Michèle Mahéo-Le Coadic | ||
| 675 | _a821.133.1 | ||
| 801 |
_aPT _gRPC |
||
| 990 | _cLIVROS | ||